Physics (Record no. 4410)
[ view plain ]
| 000 -LEADER | |
|---|---|
| fixed length control field | 00836 a2200241 4500 |
| 020 ## - INTERNATIONAL STANDARD BOOK NUMBER | |
| International Standard Book Number | 0471804584 |
| 020 ## - INTERNATIONAL STANDARD BOOK NUMBER | |
| International Standard Book Number | 0471804576 |
| 040 ## - CATALOGING SOURCE | |
| Original cataloging agency | Library of Congress |
| Language of cataloging | English |
| 082 00 - DEWEY DECIMAL CLASSIFICATION NUMBER | |
| Classification number | 530 |
| 100 1# - MAIN ENTRY--PERSONAL NAME | |
| Personal name | Resnick, Robert, |
| 245 10 - TITLE STATEMENT | |
| Title | Physics |
| Statement of responsibility, etc. | Robert Resnick, David Halliday, Kenneth S. Krane. |
| 250 ## - EDITION STATEMENT | |
| Edition statement | 4th ed. |
| 260 ## - PUBLICATION, DISTRIBUTION, ETC. | |
| Place of publication, distribution, etc. | New York : |
| Name of publisher, distributor, etc. | Wiley, |
| Date of publication, distribution, etc. | c1992. |
| 300 ## - PHYSICAL DESCRIPTION | |
| Extent | 1 v. (1020, [34] p.) : |
| Other physical details | ill. ; |
| Dimensions | 29 cm. |
| 500 ## - GENERAL NOTE | |
| General note | Vol. 1 by David Halliday, Robert Resnick, Kenneth S. Krane. |
| 500 ## - GENERAL NOTE | |
| General note | Includes indexes. |
| 650 #0 - SUBJECT ADDED ENTRY--TOPICAL TERM | |
| Topical term or geographic name entry element | Physics. |
| 700 1# - ADDED ENTRY--PERSONAL NAME | |
| Personal name | Halliday, David, |
| Dates associated with a name | 1916- |
| 700 1# - ADDED ENTRY--PERSONAL NAME | |
| Personal name | Krane, Kenneth S. |
| 856 4# - ELECTRONIC LOCATION AND ACCESS | |
| Materials specified | Table of Contents only |
| Uniform Resource Identifier | <a href="http://www.loc.gov/catdir/toc/onix05/91035885.html">http://www.loc.gov/catdir/toc/onix05/91035885.html</a> |
| 856 4# - ELECTRONIC LOCATION AND ACCESS | |
| Materials specified | Publisher description |
| Uniform Resource Identifier | <a href="http://www.loc.gov/catdir/enhancements/fy0607/91035885-d.html">http://www.loc.gov/catdir/enhancements/fy0607/91035885-d.html</a> |
| 942 ## - ADDED ENTRY ELEMENTS (KOHA) | |
| Koha item type | Book |
| Call number prefix | 530 RES |
| Source of classification or shelving scheme | |
| Withdrawn status | Lost status | Damaged status | Not for loan | Collection code | Permanent Location | Current Location | Shelving location | Date acquired | Source of acquisition | Cost, normal purchase price | Total Checkouts | Total Renewals | Full call number | Barcode | Date last seen | Date last checked out | Price effective from | Koha item type |
|---|---|---|---|---|---|---|---|---|---|---|---|---|---|---|---|---|---|---|
| Central Library (CL) | Central Library (CL) | General Stacks | 09/03/2002 | Book Field | 957.82 | 9 | 4 | 530 RES | SEECS002396 | 10/20/2025 | 09/19/2025 | 01/05/2017 | Book | |||||
| Central Library (CL) | Central Library (CL) | General Stacks | 11/22/2001 | Progressive International Agencies | 1175.93 | 12 | 7 | 530 RES | SEECS001485 | 09/21/2025 | 09/18/2025 | 01/05/2017 | Book | |||||
| Central Library (CL) | Central Library (CL) | General Stacks | 03/06/2021 | Link, Rawalpindi | 80.00 | 8 | 5 | 530 RES | SEECS000289 | 01/31/2023 | 09/20/2022 | 01/05/2017 | Book | |||||
| Central Library (CL) | Central Library (CL) | General Stacks | Link, Rawalpindi | 80.00 | 5 | 3 | 530 RES | SEECS000290 | 01/02/2020 | 11/19/2019 | 01/05/2017 | Book | ||||||
| Central Library (CL) | Central Library (CL) | General Stacks | 04/07/2014 | 8 | 1 | 530 RES | SEECSD00461 | 03/31/2022 | 02/09/2022 | 01/05/2017 | Book |
